000 00405cam a22001217a 4500
008 180718b-- xxu||||| |||| 00| 0 eng d
082 _aT13x5451 I
100 _aAndhra Pradesh. Directorate of Economics and Statistics
245 _aIndex of industrial production, Andhra Pradesh
260 _aHyderabad
_bThe author
_c--
500 _aLibrary has 2009/10-2010/11
650 _aIndustry - India - Andhra Pradesh
999 _c493773
_d493773